000 00573nam a22002057a 4500
003 OSt
005 20151203101740.0
008 130307t xxu||||| |||| 00| 0 eng d
020 _a074875296X
050 _aQC 21.2
_b.J66 2000
082 _aIB 530
_b Ad9 2000
100 _aJohnson, Keith
245 _aAdvanced physics for you
_cKeith Johnson., Simmone Hewett., Sue Holt., John Miller
260 _a (Cheltenham)
_bStanley Thornes
_c2000
300 _a432p.
_c27cm
_bill. ; some col.
526 _c920L-1120L
562 _e1
942 _2lcc
_cBK
999 _c2118
_d2118